| 000 | 00352nam a2200133Ia 4500 | ||
|---|---|---|---|
| 008 | 240624s9999 xx 000 0 und d | ||
| 041 | _aeng | ||
| 082 | _a571.77 FOS | ||
| 100 | _aFOSTER RUSSELL | ||
| 245 | _aRYTHEMS OF LIFE THE BIOLOGICAL CLOCKS TH | ||
| 260 |
_c2004 _aLondon _bProfile Books |
||
| 300 | _axii, : 276 : p. : cm. ; 23 | ||
| 365 |
_cBPS _b35 |
||
| 999 |
_c8190 _d8190 |
||